[Event "Titled Tuesday intern op 20th Aug Early"]
[Site "Chess.com INT"]
[Date "2024.08.20"]
[Round "3"]
[White "Solovchuk, Alexey"]
[Black "Karthikeyan, Murali"]
[Result "0-1"]
[WhiteElo "2303"]
[BlackElo "2624"]
[PlyCount "84"]
[EventDate "2024.08.20"]
[EventType "swiss (blitz)"]
[EventRounds "11"]
[EventCountry "USA"]
[SourceTitle "EXT 2025"]
[Source "ChessBase"]
[SourceDate "2024.10.14"]
[SourceVersion "1"]
[SourceVersionDate "2024.10.14"]
[SourceQuality "1"]

1. Nf3 g6 2. d4 Bg7 3. e4 d6 4. c3 Nf6 5. Bd3 0-0 6. h3 Nc6 7. 0-0 e5 8. Re1 Re8 9. Nbd2 a6 10. a4 Bd7 11. a5 Nh5 12. dxe5 Nxe5 13. Bf1 Nxf3+ 14. Nxf3 Bc6 15. Bd3 Nf6 16. Qc2 Nd7 17. Nd4 Ne5 18. Nxc6 Nxc6 19. Bc4 Ne5 20. Bb3 c6 21. Bf4 Qf6 22. Bg3 Bh6 23. Rad1 Rad8 24. Bxe5 Rxe5 25. Ra1 Rde8 26. Bc4 d5 27. Bd3 Qe7 28. Ra4 f5 29. Qb3 Kh8 30. Rb4 fxe4 31. Rxb7 Qh4 32. Bf1 e3 33. Re2 exf2+ 34. Rxf2 Be3 35. Rbf7 Rf5 36. R7xf5 gxf5 37. Qc2 Ba7 38. Qxf5 Rg8 39. b4 Be3 40. Qf7 Bxf2+ 41. Qxf2 Qg5 42. Bxa6 Qc1+ 0-1

[Event "Titled Tuesday intern op 02nd Jan Early"]
[Site "Chess.com INT"]
[Date "2024.01.02"]
[Round "2"]
[White "Solovchuk, Alexey"]
[Black "Yeletsky, Ivan"]
[Result "1/2-1/2"]
[WhiteElo "2303"]
[BlackElo "2504"]
[PlyCount "106"]
[EventDate "2024.01.02"]
[EventType "swiss (blitz)"]
[EventRounds "11"]
[EventCountry "USA"]
[SourceTitle "EXT 2025"]
[Source "ChessBase"]
[SourceDate "2024.10.14"]
[SourceVersion "1"]
[SourceVersionDate "2024.10.14"]
[SourceQuality "1"]

1. c4 e5 2. Nc3 Bb4 3. e4 Nc6 4. Nge2 Nf6 5. g3 h5 6. h3 d6 7. Bg2 Be6 8. Nd5 Bc5 9. d3 Qd7 10. a3 a6 11. b4 Ba7 12. Rb1 Bxd5 13. exd5 Ne7 14. Nc3 Nf5 15. Bg5 Nh7 16. Qxh5 g6 17. Qg4 Nxg5 18. Qxg5 Qe7 19. Qxe7+ Kxe7 20. h4 Nd4 21. Ne4 f5 22. Ng5 Bb6 23. 0-0 a5 24. c5 dxc5 25. bxc5 Bxc5 26. Rxb7 Bd6 27. a4 Ne2+ 28. Kh2 Rhb8 29. Rfb1 Rxb7 30. Rxb7 Nc3 31. Ne6 Kd7 32. Bh3 Nxd5 33. Ng5 Nb6 34. h5 Kc6 35. Bg2+ e4 36. Nxe4 fxe4 37. Bxe4+ Kc5 38. Rxb6 cxb6 39. Bxa8 gxh5 40. f4 h4 41. Kh3 hxg3 42. Kxg3 b5 43. axb5 a4 44. b6 a3 45. d4+ Kxd4 46. Kf3 a2 47. f5 a1Q 48. b7 Bb8 49. Kg4 Qa3 50. Kg5 Qf8 51. Kg6 Ke5 52. f6 Qxf6+ 53. Kh5 Kf4 1/2-1/2

[Event "Titled Tuesday intern op 04th Jul Early"]
[Site "Chess.com INT"]
[Date "2023.07.04"]
[Round "1"]
[White "Warchol, Kamil"]
[Black "Solovchuk, Alexey"]
[Result "0-1"]
[WhiteElo "2010"]
[BlackElo "2303"]
[PlyCount "138"]
[EventDate "2023.07.04"]
[EventType "swiss (blitz)"]
[EventRounds "11"]
[EventCountry "USA"]
[SourceTitle "EXT 2024"]
[Source "ChessBase"]
[SourceDate "2023.10.10"]
[SourceVersion "1"]
[SourceVersionDate "2023.10.10"]
[SourceQuality "1"]

1. e4 c5 2. Nf3 d6 3. d4 cxd4 4. Nxd4 Nf6 5. Nc3 a6 6. f4 g6 7. e5 dxe5 8. fxe5 Nd5 9. Bc4 Nxc3 10. bxc3 Bg7 11. 0-0 0-0 12. Qd3 e6 13. Bf4 Nd7 14. Rae1 b5 15. Bb3 Nc5 16. Qg3 Nxb3 17. cxb3 h6 18. Qe3 g5 19. Bg3 Bb7 20. Qf2 Rc8 21. Re3 b4 22. Ne2 bxc3 23. Nxc3 Qd4 24. Ne2 Qd2 25. h4 Rc2 26. hxg5 hxg5 27. Kh1 Rxa2 28. Kh2 a5 29. Nc1 Qxf2 30. Rxf2 Rxf2 31. Bxf2 Rc8 32. Nd3 Rc3 33. Ne1 Rxe3 34. Bxe3 Bxe5+ 35. Kg1 f6 36. Kf1 Bd5 37. Ke2 Bxb3 38. Kd2 a4 39. Nd3 Bd6 40. Bd4 e5 41. Ba1 Kf7 42. Nc1 Bc5 43. Kd3 Ke6 44. Bc3 Bd5 45. Ba1 Bxg2 46. Ne2 f5 47. Nc3 Bd5 48. Nxa4 e4+ 49. Kd2 Bb4+ 50. Nc3 f4 51. Ke2 Bc4+ 52. Kf2 e3+ 53. Ke1 Kf5 54. Kd1 g4 55. Ne2 Bb3+ 56. Kc1 Ke4 57. Nc3+ Bxc3 58. Bxc3 g3 59. Kb2 g2 60. Ka3 Bc4 61. Kb4 Bd3 62. Kc5 g1Q 63. Bb4 Qb1 64. Kb6 Qxb4+ 65. Kc7 Qc5+ 66. Kd7 Qb6 67. Ke7 Bc4 68. Kf8 Qa7 69. Ke8 Qc7 0-1

[Event "Malakhatko Memorial op"]
[Site "Chess.com INT"]
[Date "2023.06.14"]
[Round "2"]
[White "Lysenko, Yuri"]
[Black "Solovchuk, Alexey"]
[Result "1-0"]
[WhiteElo "2005"]
[BlackElo "2303"]
[PlyCount "81"]
[EventDate "2023.06.14"]
[EventType "swiss (blitz)"]
[EventRounds "11"]
[EventCountry "USA"]
[SourceTitle "CBM 214 Extra"]
[Source "ChessBase"]
[SourceDate "2023.07.31"]
[SourceVersion "1"]
[SourceVersionDate "2023.07.31"]
[SourceQuality "1"]

1. d4 Nf6 2. Nf3 e6 3. Bf4 b6 4. e3 Bb7 5. Be2 Be7 6. h3 0-0 7. Nbd2 c5 8. c3 cxd4 9. cxd4 Nc6 10. 0-0 Nd5 11. Bh2 f5 12. a3 Rc8 13. Rc1 d6 14. b4 Qd7 15. Nc4 b5 16. Nb2 a6 17. Nd3 Bf6 18. Qb3 Nce7 19. Nf4 Nxf4 20. Bxf4 Nd5 21. Bh2 Nb6 22. Bd3 Bd5 23. Qd1 Qb7 24. Be2 Nc4 25. Qd3 Rc6 26. Rc3 Rfc8 27. Rfc1 Be4 28. Qd1 Nxa3 29. Rxc6 Rxc6 30. Rxc6 Qxc6 31. Nd2 Bxg2 32. Qa1 Bxh3 33. Bf3 Qc2 34. Qxa3 Qxd2 35. Bg3 f4 36. exf4 Bxd4 37. Qxa6 Qd3 38. Qc8+ Kf7 39. Qd7+ Kg6 40. Qe8+ Kh6 41. Qh5# 1-0

[Event "Titled Tuesday intern op 28th Mar Early"]
[Site "Chess.com INT"]
[Date "2023.03.28"]
[Round "2"]
[White "Daneshvar, Bardiya"]
[Black "Solovchuk, Alexey"]
[Result "1-0"]
[WhiteElo "2535"]
[BlackElo "2303"]
[PlyCount "29"]
[EventDate "2023.03.28"]
[EventType "swiss (blitz)"]
[EventRounds "11"]
[EventCountry "USA"]
[SourceTitle "EXT 2024"]
[Source "ChessBase"]
[SourceDate "2023.10.10"]
[SourceVersion "1"]
[SourceVersionDate "2023.10.10"]
[SourceQuality "1"]

1. b3 b6 2. e4 Bb7 3. Nc3 Nf6 4. e5 Nd5 5. Nxd5 Bxd5 6. Bb2 e6 7. h4 h6 8. Rh3 a5 9. Qg4 Na6 10. a3 Qc8 11. Ne2 Qb7 12. d3 0-0-0 13. h5 Rg8 14. 0-0-0 f6 15. exf6 1-0

[Event "Titled Tuesday intern op 28th Mar Early"]
[Site "Chess.com INT"]
[Date "2023.03.28"]
[Round "1"]
[White "Solovchuk, Alexey"]
[Black "Jiganchine, Roman"]
[Result "1-0"]
[WhiteElo "2303"]
[BlackElo "2205"]
[PlyCount "115"]
[EventDate "2023.03.28"]
[EventType "swiss (blitz)"]
[EventRounds "11"]
[EventCountry "USA"]
[SourceTitle "EXT 2024"]
[Source "ChessBase"]
[SourceDate "2023.10.10"]
[SourceVersion "1"]
[SourceVersionDate "2023.10.10"]
[SourceQuality "1"]

1. Nf3 d5 2. d4 Nf6 3. e3 Bf5 4. c4 c6 5. Qb3 Qb6 6. Nc3 e6 7. Nh4 Bg6 8. Nxg6 hxg6 9. Qxb6 axb6 10. cxd5 exd5 11. Bd2 Bd6 12. Bd3 0-0 13. 0-0 Re8 14. Rfe1 b5 15. a4 bxa4 16. Nxa4 Nbd7 17. b4 b5 18. Nc5 Nb6 19. f3 Nc4 20. Bxc4 bxc4 21. Nb7 Be7 22. Na5 Ra6 23. Ra4 Rea8 24. Rea1 Bd8 25. R4a3 Ne8 26. Nxc4 Rxa3 27. Rxa3 Rxa3 28. Nxa3 Nd6 29. Kf1 f5 30. Ke2 Nb5 31. Nc2 Be7 32. Ne1 Kf7 33. Nd3 Bd6 34. h3 Ke6 35. Be1 f4 36. Bh4 fxe3 37. Kxe3 Kf7 38. g4 Bf8 39. Ne5+ Ke6 40. Nxc6 Bd6 41. Bg5 Kd7 42. Ne5+ Kc7 43. Nd3 Bf8 44. Bf4+ Kb7 45. Be5 g5 46. Nc5+ Bxc5 47. bxc5 g6 48. Bf6 Kc6 49. Bxg5 Kd7 50. Kd3 Na7 51. h4 Nc6 52. h5 gxh5 53. gxh5 Ke6 54. h6 Kf7 55. f4 Kg6 56. f5+ Kh7 57. Ke3 Kg8 58. f6 1-0

[Event "Titled Tuesday intern op 31st Jan Early"]
[Site "Chess.com INT"]
[Date "2023.01.31"]
[Round "3"]
[White "Solovchuk, Alexey"]
[Black "Harsh, Suresh"]
[Result "0-1"]
[WhiteElo "2303"]
[BlackElo "2261"]
[PlyCount "78"]
[EventDate "2023.01.31"]
[EventType "swiss (blitz)"]
[EventRounds "11"]
[EventCountry "USA"]
[SourceTitle "CBM 212 Extra"]
[Source "ChessBase"]
[SourceDate "2023.03.31"]
[SourceVersion "1"]
[SourceVersionDate "2023.03.31"]
[SourceQuality "1"]

1. c4 g6 2. Nc3 Bg7 3. d4 d6 4. e4 Nd7 5. Be3 b6 6. Bd3 Bb7 7. Nge2 c5 8. d5 h5 9. Bc2 Ngf6 10. f3 h4 11. Qd2 a6 12. a4 Ne5 13. b3 h3 14. 0-0 hxg2 15. Kxg2 Qd7 16. Ng1 0-0-0 17. a5 bxa5 18. Rf2 Nh5 19. Kf1 g5 20. Bxg5 Rdg8 21. Rxa5 Ng6 22. Na4 Kb8 23. b4 Bd4 24. bxc5 Bxf2 25. Qxf2 Qc7 26. Bd2 Ne5 27. c6 Nxc4 28. cxb7 Nxa5 29. Bd3 Nc4 30. Bc3 Nf4 31. Bxh8 Nxd3 32. Qd4 Nce5 33. Bxe5 Qc1+ 34. Ke2 Rg2+ 35. Kxd3 Rd2+ 36. Ke3 Rxd4+ 37. Kxd4 Qxg1+ 38. Kc4 dxe5 39. Nc5 Qd4+ 0-1

[Event "Titled Tuesday intern op 20th Dec Early"]
[Site "Chess.com INT"]
[Date "2022.12.20"]
[Round "1"]
[White "Solovchuk, Alexey"]
[Black "Tsyhanchuk, Stanislav"]
[Result "0-1"]
[WhiteElo "2303"]
[BlackElo "2273"]
[PlyCount "26"]
[EventDate "2022.12.20"]
[EventType "swiss (blitz)"]
[EventRounds "11"]
[EventCountry "USA"]
[SourceTitle "EXT 2024"]
[Source "ChessBase"]
[SourceDate "2023.10.10"]
[SourceVersion "1"]
[SourceVersionDate "2023.10.10"]
[SourceQuality "1"]

1. c4 c5 2. Nc3 Nc6 3. Nf3 g6 4. d4 cxd4 5. Nxd4 Bg7 6. Nc2 Nf6 7. g3 0-0 8. Bg2 d6 9. 0-0 Bd7 10. b3 Qc8 11. Re1 Bh3 12. Bh1 Ng4 13. Qd3 Nge5 0-1

[Event "Titled Tuesday intern op 13th Dec Early"]
[Site "Chess.com INT"]
[Date "2022.12.13"]
[Round "1"]
[White "Solovchuk, Alexey"]
[Black "Passen, Brett"]
[Result "1-0"]
[WhiteElo "2303"]
[BlackElo "1921"]
[PlyCount "75"]
[EventDate "2022.12.13"]
[EventType "swiss (blitz)"]
[EventRounds "11"]
[EventCountry "USA"]
[SourceTitle "EXT 2024"]
[Source "ChessBase"]
[SourceDate "2023.10.10"]
[SourceVersion "1"]
[SourceVersionDate "2023.10.10"]
[SourceQuality "1"]

1. c4 Nf6 2. Nc3 e6 3. d4 Bb4 4. e3 0-0 5. Nge2 c6 6. a3 Ba5 7. c5 d5 8. cxd6 Qxd6 9. b4 Bc7 10. e4 e5 11. f3 Nbd7 12. Be3 Nb6 13. dxe5 Qxd1+ 14. Rxd1 Bxe5 15. Bd4 Nc4 16. Bxe5 Nxe5 17. Nd4 Bd7 18. Be2 a5 19. b5 cxb5 20. Ncxb5 Bxb5 21. Nxb5 Rfd8 22. Kf2 Kf8 23. f4 Neg4+ 24. Bxg4 Nxg4+ 25. Kf3 h5 26. h3 Nf6 27. e5 Nd5 28. Ke4 Ne7 29. g4 h4 30. f5 Nc6 31. g5 f6 32. gxf6 gxf6 33. Nc7 Nxe5 34. Ne6+ Ke7 35. Rxd8 Rxd8 36. Nxd8 Kxd8 37. Kd5 Kd7 38. Rg1 1-0

[Event "Titled Tuesday intern op 04th Oct Early"]
[Site "Chess.com INT"]
[Date "2022.10.04"]
[Round "3"]
[White "Kuzmin, Roman"]
[Black "Solovchuk, Alexey"]
[Result "0-1"]
[WhiteElo "2297"]
[BlackElo "2303"]
[PlyCount "82"]
[EventDate "2022.10.04"]
[EventType "swiss (blitz)"]
[EventRounds "11"]
[EventCountry "USA"]
[SourceTitle "EXT 2023"]
[Source "ChessBase"]
[SourceDate "2022.10.05"]
[SourceVersion "1"]
[SourceVersionDate "2022.10.05"]
[SourceQuality "1"]

1. e4 e5 2. Nf3 Nc6 3. Bc4 Be7 4. d3 Nf6 5. c3 0-0 6. Nbd2 d5 7. Bb3 g6 8. Qe2 dxe4 9. dxe4 Nd7 10. Nf1 Nc5 11. Bc2 b6 12. b4 Ne6 13. Bh6 Nf4 14. Bxf4 exf4 15. Rd1 Qe8 16. N1d2 Bf6 17. Nb1 Be6 18. Bb3 Bxb3 19. axb3 Qe6 20. Qc4 Qxc4 21. bxc4 Rfe8 22. Nfd2 a5 23. b5 Ne5 24. 0-0 Be7 25. Nf3 Nxc4 26. Rd4 Nd6 27. c4 f6 28. Nc3 Nf7 29. Nd5 Rac8 30. Nxf4 Bc5 31. Rd7 Rxe4 32. Nd5 Rxc4 33. Nxf6+ Kg7 34. Nd5 Kf8 35. Nxc7 Rxc7 36. Rxc7 Bxf2+ 37. Kxf2 Rxc7 38. Ke3 Nd6 39. Ng5+ Kg8 40. Ne4 Re7 41. Rf4 a4 0-1

[Event "Titled Tuesday intern op 20th Sep Early"]
[Site "Chess.com INT"]
[Date "2022.09.20"]
[Round "5"]
[White "Mihailidis, Anastasios"]
[Black "Solovchuk, Alexey"]
[Result "0-1"]
[WhiteElo "2198"]
[BlackElo "2303"]
[PlyCount "106"]
[EventDate "2022.09.20"]
[EventType "swiss (blitz)"]
[EventRounds "11"]
[EventCountry "USA"]
[SourceTitle "EXT 2023"]
[Source "ChessBase"]
[SourceDate "2022.10.05"]
[SourceVersion "1"]
[SourceVersionDate "2022.10.05"]
[SourceQuality "1"]

1. e4 c5 2. Nf3 Nc6 3. c4 e5 4. Nc3 d6 5. Be2 Bg4 6. d3 Bxf3 7. Bxf3 Be7 8. 0-0 Bg5 9. Bxg5 Qxg5 10. Nd5 Qd8 11. Be2 Nf6 12. f4 0-0 13. fxe5 Nxd5 14. cxd5 Nxe5 15. Qd2 b5 16. b3 a5 17. d4 cxd4 18. Qxd4 Rb8 19. Bf3 Qb6 20. Qxb6 Rxb6 21. Rac1 a4 22. Rc3 axb3 23. axb3 b4 24. Rc7 g6 25. Rfc1 Ra8 26. Rc8+ Rxc8 27. Rxc8+ Kg7 28. Rd8 h5 29. Be2 Kf6 30. Kf2 Ke7 31. Ra8 Rb7 32. Ke3 Rc7 33. Kd2 Rc3 34. Bd1 h4 35. Ra7+ Kf6 36. Ra6 h3 37. gxh3 Rd3+ 38. Kc2 Ke7 39. Ra7+ Kf8 40. Ra6 Rxh3 41. Rxd6 Rxh2+ 42. Kb1 g5 43. Rb6 Rh1 44. Kc2 g4 45. Rb8+ Ke7 46. Rg8 Rg1 47. Kd2 g3 48. Be2 Ng6 49. Ke3 Rb1 50. Kf3 Rxb3+ 51. Kg2 Nf4+ 52. Kf1 Rb1+ 53. Bd1 Rxd1# 0-1

[Event "Titled Tuesday intern op 20th Sep Early"]
[Site "Chess.com INT"]
[Date "2022.09.20"]
[Round "4"]
[White "Solovchuk, Alexey"]
[Black "Begunov, Konstantin"]
[Result "1-0"]
[WhiteElo "2303"]
[BlackElo "2325"]
[PlyCount "81"]
[EventDate "2022.09.20"]
[EventType "swiss (blitz)"]
[EventRounds "11"]
[EventCountry "USA"]
[SourceTitle "EXT 2023"]
[Source "ChessBase"]
[SourceDate "2022.10.05"]
[SourceVersion "1"]
[SourceVersionDate "2022.10.05"]
[SourceQuality "1"]

1. c4 c6 2. Nf3 d5 3. e3 Nf6 4. b3 Bg4 5. h3 Bh5 6. Be2 e6 7. Bb2 Nbd7 8. d4 Bb4+ 9. Bc3 Qa5 10. Qd2 Bxc3 11. Nxc3 0-0 12. g4 Bg6 13. g5 Ne8 14. 0-0 Bh5 15. Rfd1 dxc4 16. b4 Qxb4 17. Rab1 Qe7 18. Rxb7 Bxf3 19. Bxf3 Qxg5+ 20. Kh2 Nb6 21. Rg1 Qf6 22. Bxc6 e5 23. Nd5 Qd6 24. Ne7+ Kh8 25. d5 Nc7 26. Nf5 Qf6 27. Nxg7 Rg8 28. Nh5 Qh4 29. Ng3 Qh6 30. Rxc7 Rad8 31. Qc3 f6 32. Rxa7 Nxd5 33. Bxd5 Rxd5 34. Qxc4 Rd2 35. Qf7 Rxf2+ 36. Rg2 Rxg2+ 37. Kxg2 Qh4 38. Qxg8+ Kxg8 39. Rg7+ Kf8 40. Rg4 Qh5 41. Nf5 1-0

[Event "Titled Tuesday intern op 20th Sep Early"]
[Site "Chess.com INT"]
[Date "2022.09.20"]
[Round "6"]
[White "Yeremyan, Alen"]
[Black "Solovchuk, Alexey"]
[Result "1-0"]
[WhiteElo "2210"]
[BlackElo "2303"]
[PlyCount "31"]
[EventDate "2022.09.20"]
[EventType "swiss (blitz)"]
[EventRounds "11"]
[EventCountry "USA"]
[SourceTitle "EXT 2023"]
[Source "ChessBase"]
[SourceDate "2022.10.05"]
[SourceVersion "1"]
[SourceVersionDate "2022.10.05"]
[SourceQuality "1"]

1. d4 Nf6 2. c4 e6 3. g3 d5 4. Bg2 Be7 5. Nf3 0-0 6. 0-0 c5 7. dxc5 dxc4 8. Qc2 Nbd7 9. Rd1 Bxc5 10. Qxc4 Qe7 11. Nc3 h6 12. a3 a6 13. b4 b5 14. Qh4 g5 15. Nxg5 hxg5 16. Bxg5 1-0

[Event "Titled Tuesday intern op 06th Sep Early"]
[Site "Chess.com INT"]
[Date "2022.09.06"]
[Round "1"]
[White "Kuchava, Ana"]
[Black "Solovchuk, Alexey"]
[Result "0-1"]
[WhiteElo "2101"]
[BlackElo "2303"]
[PlyCount "74"]
[EventDate "2022.09.06"]
[EventType "swiss (blitz)"]
[EventRounds "11"]
[EventCountry "USA"]
[SourceTitle "EXT 2023"]
[Source "ChessBase"]
[SourceDate "2022.10.05"]
[SourceVersion "1"]
[SourceVersionDate "2022.10.05"]
[SourceQuality "1"]

1. d4 f5 2. Nc3 d5 3. Nf3 e6 4. Bf4 Bb4 5. e3 Nf6 6. Bd3 c5 7. 0-0 c4 8. Be2 Bxc3 9. bxc3 Qa5 10. Qd2 Ne4 11. Qc1 Nxc3 12. Re1 Nxe2+ 13. Rxe2 Nc6 14. c3 Bd7 15. Qb2 b6 16. Ne5 Nxe5 17. Bxe5 0-0 18. Rf1 Be8 19. f3 Bg6 20. Ref2 Rf7 21. e4 fxe4 22. fxe4 Raf8 23. Bd6 Rxf2 24. Rxf2 Rf7 25. Rxf7 Bxf7 26. e5 h6 27. Bb4 Qa4 28. Kf2 Qd1 29. Qe2 Qb1 30. Qd2 Bg6 31. Bd6 Kh7 32. Kg3 Bh5 33. h4 Qd3+ 34. Qxd3+ cxd3 35. Kf2 d2 36. Ke3 d1Q 37. Kf2 Qe2+ 0-1

[Event "Titled Tuesday intern op 26th Jul Early"]
[Site "Chess.com INT"]
[Date "2022.07.26"]
[Round "7"]
[White "Solovchuk, Alexey"]
[Black "Harish, Neeraj"]
[Result "1-0"]
[WhiteElo "2303"]
[BlackElo "2018"]
[PlyCount "103"]
[EventDate "2022.07.26"]
[EventType "swiss (blitz)"]
[EventRounds "11"]
[EventCountry "USA"]
[SourceTitle "EXT 2023"]
[Source "ChessBase"]
[SourceDate "2022.10.05"]
[SourceVersion "1"]
[SourceVersionDate "2022.10.05"]
[SourceQuality "1"]

1. c4 c6 2. Nf3 d5 3. e3 Nf6 4. b3 e6 5. Bb2 Be7 6. cxd5 exd5 7. Be2 0-0 8. a3 Bf5 9. d3 Nbd7 10. Nbd2 Re8 11. 0-0 Nf8 12. b4 Ng6 13. Bc3 Qd7 14. Nd4 Be6 15. Nxe6 fxe6 16. f4 Rf8 17. Nf3 Bd6 18. Ne5 Bxe5 19. fxe5 Ne8 20. Rxf8+ Nxf8 21. d4 g6 22. Bd3 Ng7 23. g4 Qe7 24. Qf3 Nd7 25. Qg3 Rf8 26. a4 Nb6 27. a5 Nd7 28. Kg2 a6 29. Rh1 Rf7 30. h4 Nf8 31. Bd2 Kh8 32. e4 h6 33. exd5 exd5 34. Bxh6 Nge6 35. Bd2 Nxd4 36. Rf1 Rxf1 37. Kxf1 Kg7 38. Qf2 Qf7 39. Bh6+ Kg8 40. Be3 Qxf2+ 41. Kxf2 Nde6 42. Bb6 Kg7 43. Kf3 Nd7 44. Kg3 Nxe5 45. Bf1 Nd7 46. g5 Nxb6 47. axb6 Nf8 48. Bh3 Kf7 49. Kf4 Ke7 50. Ke5 Nd7+ 51. Bxd7 Kxd7 52. h5 1-0

[Event "Titled Tuesday intern op 24th May Early"]
[Site "Chess.com INT"]
[Date "2022.05.24"]
[Round "1"]
[White "Solovchuk, Alexey"]
[Black "Gu, Xiaobing"]
[Result "1-0"]
[WhiteElo "2303"]
[BlackElo "2219"]
[PlyCount "91"]
[EventDate "2022.05.24"]
[EventType "swiss (blitz)"]
[EventRounds "11"]
[EventCountry "USA"]
[SourceTitle "EXT 2023"]
[Source "ChessBase"]
[SourceDate "2022.10.05"]
[SourceVersion "1"]
[SourceVersionDate "2022.10.05"]
[SourceQuality "1"]

1. c4 Nf6 2. Nc3 g6 3. d4 Bg7 4. e4 0-0 5. e5 Ne8 6. f4 d6 7. Nf3 c5 8. dxc5 Qa5 9. exd6 exd6 10. Bd2 Qxc5 11. Ne4 Qb6 12. Qb3 Bxb2 13. Rb1 Qxb3 14. axb3 Bg7 15. Bd3 Nc6 16. 0-0 Bg4 17. h3 Bxf3 18. Rxf3 Nd4 19. Rff1 Rd8 20. Nc3 Nc7 21. Be4 b6 22. f5 Be5 23. Bg5 f6 24. Bh6 Rfe8 25. fxg6 f5 26. Nd5 Ne2+ 27. Kf2 Nc3 28. Nxc3 Bxc3 29. Bxf5 hxg6 30. Bd3 Kh7 31. Bg5 Rd7 32. Kg3 Ne6 33. Bf6 Be5+ 34. Kg4 Nd4 35. Bxe5 dxe5 36. Be4 Nf5 37. Rxf5 Rd4 38. Rf7+ Kg8 39. Rbf1 Rxe4+ 40. Kg5 Re3 41. Rxa7 Rg3+ 42. Kh6 g5 43. Rf6 e4 44. Rg7+ Kh8 45. Rfg6 e3 46. Rh7# 1-0

[Event "Titled Tuesday intern op 17th May Early"]
[Site "Chess.com INT"]
[Date "2022.05.17"]
[Round "3"]
[White "Vasquez Schroder, Rodrigo Rafael"]
[Black "Solovchuk, Alexey"]
[Result "1/2-1/2"]
[WhiteElo "2506"]
[BlackElo "2303"]
[PlyCount "140"]
[EventDate "2022.05.17"]
[EventType "swiss (blitz)"]
[EventRounds "11"]
[EventCountry "USA"]
[SourceTitle "CBM 208 Extra"]
[Source "ChessBase"]
[SourceDate "2022.07.31"]
[SourceVersion "1"]
[SourceVersionDate "2022.07.31"]
[SourceQuality "1"]

1. e4 c6 2. Nf3 d5 3. d3 dxe4 4. dxe4 Qxd1+ 5. Kxd1 Nd7 6. Bc4 f6 7. a4 e5 8. Nbd2 Nh6 9. h3 Nf7 10. c3 Nd6 11. Bd3 Nc5 12. Bc2 a5 13. Re1 Be6 14. b3 0-0-0 15. Ke2 g5 16. Ba3 Na6 17. Bd3 Nb8 18. Bxd6 Bxd6 19. Bc4 Bd7 20. Nf1 h5 21. Ne3 Kc7 22. h4 g4 23. Nd2 Bc5 24. Ndf1 Bxe3 25. Kxe3 f5 26. exf5 Bxf5 27. Ng3 Bg6 28. Red1 Rhf8 29. Rxd8 Rxd8 30. Ra2 Nd7 31. Rd2 Nc5 32. Ra2 Bd3 33. Nxh5 Bxc4 34. bxc4 Rd3+ 35. Ke2 Rxc3 36. Nf6 Ne6 37. g3 Rxc4 38. h5 Rc1 39. Nxg4 Kd6 40. Kf3 Rh1 41. Nf6 Ke7 42. Kg2 Rb1 43. Ng4 e4 44. h6 Ng5 45. Re2 Kf7 46. Rd2 b5 47. Rd7+ Ke6 48. Rc7 Kd6 49. h7 Nxh7 50. Rxh7 bxa4 51. Ra7 Rb5 52. Ne3 Kc5 53. Nc2 Kb6 54. Ra8 Rb3 55. g4 Rb5 56. Rb8+ Kc7 57. Rxb5 cxb5 58. g5 Kd8 59. Kg3 b4 60. Kf4 a3 61. Kxe4 a2 62. Na1 a4 63. Kd4 b3 64. Kc3 Ke7 65. f4 Ke6 66. Kb2 Kf5 67. Ka3 Kg6 68. Kb2 Kf5 69. Ka3 Kg6 70. Kb2 Kf5 1/2-1/2

[Event "Titled Tuesday intern op 17th May Early"]
[Site "Chess.com INT"]
[Date "2022.05.17"]
[Round "1"]
[White "Winkels, Marcel"]
[Black "Solovchuk, Alexey"]
[Result "0-1"]
[WhiteElo "1965"]
[BlackElo "2303"]
[PlyCount "46"]
[EventDate "2022.05.17"]
[EventType "swiss (blitz)"]
[EventRounds "11"]
[EventCountry "USA"]
[SourceTitle "CBM 208 Extra"]
[Source "ChessBase"]
[SourceDate "2022.07.31"]
[SourceVersion "1"]
[SourceVersionDate "2022.07.31"]
[SourceQuality "1"]

1. e4 c6 2. d4 d5 3. f3 dxe4 4. fxe4 e5 5. Nf3 Nd7 6. Bc4 Ngf6 7. Ng5 Nb6 8. Bxf7+ Ke7 9. Bb3 Qxd4 10. Qxd4 exd4 11. Nf7 Rg8 12. Ne5 Be6 13. Bg5 c5 14. Bxe6 Kxe6 15. Bxf6 gxf6 16. Nf3 Rxg2 17. Nbd2 Bh6 18. 0-0-0 Nc4 19. b3 Nxd2 20. Nxd2 Rag8 21. h4 Rxd2 22. Rxd2 Rg2 23. Rhd1 Ke5 0-1

[Event "Omelnyk Grokhotov Memorial 10th"]
[Site "Omelnyk"]
[Date "2022.01.03"]
[Round "1"]
[White "Terletsky, Oleg"]
[Black "Solovchuk, Alexey"]
[Result "0-1"]
[WhiteElo "2154"]
[BlackElo "2302"]
[PlyCount "158"]
[EventDate "2022.01.03"]
[EventType "tourn"]
[EventRounds "9"]
[EventCountry "UKR"]
[EventCategory "1"]
[SourceTitle "EXT 2023"]
[Source "ChessBase"]
[SourceDate "2022.10.05"]
[SourceVersion "1"]
[SourceVersionDate "2022.10.05"]
[SourceQuality "1"]

1. e4 c6 2. d4 d5 3. Nc3 dxe4 4. Nxe4 Nd7 5. Ng5 Ngf6 6. Bd3 g6 7. N1f3 Bg7 8. 0-0 0-0 9. Re1 h6 10. Ne4 Nxe4 11. Bxe4 c5 12. c3 cxd4 13. Nxd4 Nc5 14. Bc2 e5 15. Nb5 Qb6 16. a4 Rd8 17. Qe2 a6 18. Na3 Qc6 19. Be3 Be6 20. Nc4 e4 21. Na5 Qc7 22. Bxc5 Qxa5 23. Bb4 Qg5 24. Bxe4 Rd2 25. h4 Qf4 26. g3 Rxe2 27. gxf4 Rxb2 28. a5 Rb8 29. Rab1 Rxb1 30. Rxb1 Bf5 31. Bxf5 gxf5 32. Rd1 Rc8 33. Kg2 Bf6 34. h5 Rd8 35. Re1 Kg7 36. Be7 Bxc3 37. Rc1 Rd3 38. Rb1 Rd7 39. Bb4 Bf6 40. Rb3 Rd5 41. Rg3+ Kh7 42. Be1 Rb5 43. Rd3 Kg8 44. Rd6 Be7 45. Rd3 Kf8 46. Bc3 f6 47. Bd2 Rb2 48. Rd5 Ke8 49. Kf3 Rb3+ 50. Ke2 Rb5 51. Rd3 Rb2 52. Kd1 Bd8 53. Rg3 Rb1+ 54. Ke2 Rb5 55. Rg8+ Ke7 56. Rh8 Bxa5 57. Bxa5 Rxa5 58. Rh7+ Ke6 59. Rxb7 Kd5 60. Kf3 Ra3+ 61. Kg2 a5 62. Rh7 Ke4 63. Rxh6 Kxf4 64. Rxf6 Kg5 65. Rf8 Ra4 66. Rg8+ Kxh5 67. Kf3 Re4 68. Ra8 a4 69. Ra5 Kg5 70. Ra6 Rb4 71. Ra8 f4 72. Ra5+ Kf6 73. Kg4 Ke6 74. f3 Kd6 75. Ra8 Rc4 76. Kf5 Kc5 77. Ke5 Kb4 78. Kd5 Kb3 79. Ra7 Rb4 0-1